| 000 | 00969cab a2200301 4500 | ||
|---|---|---|---|
| 001 | ABS46291 | ||
| 008 | 090401t1992 xxu||||| |||| 00| 0 eng d | ||
| 035 | _a(Sirsi) u57606 | ||
| 041 | _aeng | ||
| 100 | _aBlyth, A. | ||
| 245 | 4 | _aThe great ARCUK debate | |
| 260 | _c1992 | ||
| 350 | _a0 | ||
| 490 |
_aArchitects` Journal _v195(17) 29 April 1992, 8-9(2) |
||
| 520 | _aThe DoE has published a consultation paper reviewing the Architects Registration Acts. This article considers the responses to the prospect of change for ARCUK and the protection of the architect`s chartered status. | ||
| 650 | _aARCHITECTS REGISTRATION ACTS | ||
| 650 | _aARCHITECTS | ||
| 650 | _aARCUK | ||
| 650 | _aCHARTERED ARCHITECTS | ||
| 650 | _aCONSULTATION PAPERS | ||
| 650 | _aEC DIRECTIVES | ||
| 650 | _aRIBA | ||
| 650 | _aRICS | ||
| 650 | _aWARNE COMMISSION | ||
| 690 | _aMANAGEMENT-BUSINESS MANAGEMENT-PROFESSIONAL PRACTICE | ||
| 942 | _n0 | ||
| 948 | _c04/03/1997 | ||
| 999 |
_c35144 _d35144 |
||